000
00255nam a22001217a 4500
008
170614b xxu||||| |||| 00| 0 eng d
041
_a
eng
080
_a
32
100
_a
19
101
_a
SHP
245
_a
HEROIC DIPLOMACY
_c
STEIN.K.W
942
_2
udc
_c
BK
999
_c
17436
_d
17436